000 00659nam a22002057a 4500
005 20171031114356.0
010 _aENG-121150
020 _a9789350020463
_c175.00
035 _aEN-104682
037 _bDBAD/PUB
082 _a330.973
100 _aMagdoff, Fred
245 _aThe ABC's of the economic crisis :
_cby Fred Mafdoff [and] Michael D. Yates
_bwhat working people need to know /
260 _aNew Delhi
_bAakar Books
_c2010
270 _a28 E Pocket IV, Mayur Vihar Phase I
_bNew Delhi
_e110091
300 _a144p.
_c21.5cm(pbk)
500 _aIncludes index
700 _aYates, Michael D.
942 _2ddc
_cEN
_h330.973
_mMAG
999 _c147015
_d147015